02385cam a2200397 a 450000100100000000500170001000800410002701000130006804000230008108200180010424502230012224600280034526000840037330000280045750001410048550400410062650506360066765000500130370000410135370000360139470000240143070000340145470000380148870000310152670000260155770000450158370000360162870000310166470000320169570000320172770000280175970000300178791000340181795201210185199900150197200000316220200929150340.0980112s1997 xxua b 010 0 spa  a98103242 aDO-SdBNPcDLCdDLC aM860.9bA696h00aHomenaje a Fredo Arias de la Canal :bcon ensayos de los Premios Vasconcelos /cJean Aristeguieta ... [et al. ; jefe de redaccion, Ubaldo DiBenedetto ; asistentes, Berenice Garmendia, Ivan Garmendia, Fredo Arias King].30aFredo Arias de la Canal a[Cambridge, Mass.? :bs.n.],c1997e([Cambridge, Mass.?] :fKirby Lithographic) a205 p. :bil. ;c23 cm. a"Volumen especial que contiene estudios, articulos, notas y textos ineditos relativos al homenaje a Fredo Arias de la Canal"--Added t.p. aIncludes bibliographical references.0 aSor Juana Inés de la Crúz y el padre Antonio Vieira / Joaquim Montezuma de Carvalho -- Fernando de Herrera : defensor de la lengua / Ubaldo DiBenedetto -- La arquitectura prerrománica asturiana y su pintura mural / Magín Berenguer Alonso -- La poesía de Alfonso Reyes / Alicia Reyes -- A la búsqueda de una interpretación de la poesía / Odon Betanzos Palacios -- Poemario "Des-retratos" / Alfonso Larrahona Kästen -- Adiviña adiviñanza! / José Rubia Barcia -- La filosofía poética de Amado Nervo / Norma Suiffet -- Descubrimiento de un anagrama de Miguel de Cervantes / Guillermo Schmidhuber de la Mora. 4aLiteratura mexicanaxHistoria y critica999931 aMontezuma de Carvalho, Joaquim999941 aBerenguer Alonso, Magín999951 aReyes, Alicia999961 aBetanzos Palacios, Odon999971 aLarrahona Kästen, Alfonso999981 aRubia Barcia, José999991 aSuiffet, Norma9100001 aSchmidhuber de la Mora, Guillermo9100011 aArias de la Canal, Fredo.980961 aAristeguieta, Jean.9100021 aDiBenedetto, Ubaldo.9100031 aGarmendia, Berenice.9100041 aGarmendia, Ivan.9100051 aArias King, Fredo.910006 aCatalogación por copia / LC 001052708MOaGRbGRcCTd2009-07-06iLF1l0oM860.9 A696hp3162-10r2020-06-25w2020-06-25y2ZPréstamo interno c2993d2993